LEADER 03916nam 22006734a 450 001 9910456434603321 005 20200520144314.0 010 $a9786612357084 010 $a1-282-35708-5 010 $a0-520-92991-8 010 $a1-59734-809-0 024 7 $a10.1525/9780520929913 035 $a(CKB)111090529079590 035 $a(EBL)224753 035 $a(OCoLC)475931883 035 $a(SSID)ssj0000222412 035 $a(PQKBManifestationID)11190562 035 $a(PQKBTitleCode)TC0000222412 035 $a(PQKBWorkID)10169768 035 $a(PQKB)10064843 035 $a(MiAaPQ)EBC224753 035 $a(OCoLC)55531647 035 $a(MdBmJHUP)muse30509 035 $a(DE-B1597)519228 035 $a(DE-B1597)9780520929913 035 $a(Au-PeEL)EBL224753 035 $a(CaPaEBR)ebr10057081 035 $a(CaONFJC)MIL235708 035 $a(EXLCZ)99111090529079590 100 $a20030826d2004 uy 0 101 0 $aeng 135 $aur|n|---||||| 181 $ctxt 182 $cc 183 $acr 200 10$aPlanting nature$b[electronic resource] $etrees and the manipulation of environmental stewardship in America /$fShaul E. Cohen 210 $aBerkeley $cUniversity of California Press$dc2004 215 $a1 online resource (225 p.) 300 $aDescription based upon print version of record. 311 $a0-520-23770-6 320 $aIncludes bibliographical references (p. 191-199) and index. 327 $aTaking control of nature -- Planting patriotism, cultivating institutions -- The National Arbor Day Foundation: modifying the natural world -- American forests: planting the future -- Uncle Sam plants for you -- The greatest good -- Celebritrees. 330 $aTrees hold a powerful place in American constructions of what is good in nature and the environment. As we attempt to cope with environmental crises, trees are increasingly enlisted with great fervor as agents of our stewardship over nature. In this innovative and impassioned book, Shaul E. Cohen exposes the way that environmental stewardship is undermined through the manipulation of trees and the people who plant them by a partnership of big business, the government, and tree-planting groups. He reveals how positive associations and symbols that have been invested in trees are exploited by an interlocking network of government agencies, private timber companies, and nongovernmental organizations to subvert the power of people who think that they are building a better world. Planting Nature details the history of tree planting in the United States and the rise of popular sentiment around trees, including the development of the Arbor Day holiday and tree-planting groups such as the National Arbor Day Foundation and American Forests. Drawing from internal papers, government publications, advertisements, and archival documents, Cohen illustrates how organizations promote tree planting as a way of shifting attention away from the causes of environmental problems to their symptoms, masking business-as-usual agendas. Ultimately, Planting Nature challenges the relationships between a "green" public, the organizations that promote their causes, and the "powers that be," providing a cautionary tale of cooperation and deception that cuts across the political spectrum. 606 $aAfforestation$zUnited States 606 $aAfforestation$xEnvironmental aspects$zUnited States 606 $aAfforestation$xGovernment policy$zUnited States 608 $aElectronic books. 615 0$aAfforestation 615 0$aAfforestation$xEnvironmental aspects 615 0$aAfforestation$xGovernment policy 676 $a333.75/152/0973 700 $aCohen$b Shaul Ephraim$f1961-$01043862 801 0$bMiAaPQ 801 1$bMiAaPQ 801 2$bMiAaPQ 906 $aBOOK 912 $a9910456434603321 996 $aPlanting nature$92469131 997 $aUNINA LEADER 00986nam a2200265 i 4500 001 991003032829707536 005 20020509110951.0 008 000229s1994 it ||| | ita 035 $ab1109848x-39ule_inst 035 $aPARLA173785$9ExL 040 $aDip.to Filosofia$bita 082 0 $a371.122 100 1 $aMongelli, Angela$0129905 245 10$aFormazione e politica sociale :$bindicazioni per un profilo professionale dell'educatore /$cAngela Mongelli 260 $aBari :$bCacucci,$c1994 300 $a172 p ;$c22 cm. 500 $aSegue: Appendice 650 4$aEducatori - Formazione 650 4$aOperatori sociali - Istruzione professionale 907 $a.b1109848x$b21-09-06$c28-06-02 912 $a991003032829707536 945 $aLE005 FONDO SEMERARO 219$g1$i2005000061707$lle005$o-$pE0.00$q-$rl$s- $t0$u0$v0$w0$x0$y.i11232092$z28-06-02 996 $aFormazione e politica sociale$9857331 997 $aUNISALENTO 998 $ale005$b01-01-00$cm$da $e-$fita$git $h0$i1 LEADER 05252nam 2200637Ia 450 001 9910134709603321 005 20200520144314.0 010 $a0-87421-356-8 010 $a0-585-17525-X 035 $a(CKB)111004365689102 035 $a(EBL)486002 035 $a(OCoLC)44958637 035 $a(SSID)ssj0000100816 035 $a(PQKBManifestationID)11109016 035 $a(PQKBTitleCode)TC0000100816 035 $a(PQKBWorkID)10037138 035 $a(PQKB)10690190 035 $a(MiAaPQ)EBC3571668 035 $a(MdBmJHUP)muse16250 035 $a(MiAaPQ)EBC486002 035 $a(Au-PeEL)EBL486002 035 $a(CaPaEBR)ebr11217612 035 $a(EXLCZ)99111004365689102 100 $a19990522d1999 ub 0 101 0 $aeng 135 $aurbn#---uuuuu 181 $ctxt$2rdacontent 182 $cc$2rdamedia 183 $acr$2rdacarrier 200 10$a"Alas, poor ghost!" $etraditions of belief in story and discourse /$fby Gillian Bennett 205 $aRevised edition. 210 $aLogan $cUtah State University Press$dc1999 215 $a1 online resource (233 pages) $cillustrations; digital, PDF file(s) 300 $a"New, expanded, and extensively rev. ed. of Traditions of belief : women and the supernatural." 311 08$aPrint versio : 9780874212785 320 $aIncludes bibliographical references (p. 207-220) and index. 327 $aBelief and Disbelief --Is Belief in the Supernatural Declining? --Telling It Slant --Patterns of Belief --Order in Chaos --Family Love --Competing Cultures --Contact with the Dead --Life after Death --Ghosts and Hauntings --Visitations --Cause, Consequence, and Lack Liquidated --Delving --Witnesses, Bereavement, and the Sense of Presence / Kate Bennett --Witnesses --Bereavement --The Sense of Presence --From Private Experience to Public Performance Supernatural Experience as Narrative --Belief and Disbelief: Patterns of Narration --Story Dialectic: The Imaginary Judge and Jury --"Alas, Poor Ghost!" Case Studies in the History of Ghosts and Visitations --The Ghost of Hamlet's Father --The Cock Lane Poltergeist --The Clodd/Lang Debate --The Vanishing Hitchhiker --A Brief History of "Witnesses" --Collecting the Data --The Manchester Study --The Leicester Study --Transcribing Spoken Texts --The Manchester Respondents --Linguistic Clues to Belief and Disbelief --Word Lists Showing Story Patterns in Memorates -- Bibliography -- Index. 330 $aIn the rational modern world, belief in the supernatural seemingly has been consigned to the worlds of entertainment and fantasy. Yet belief in other worldly phenomena, from poltergeists to telepathy, remains strong, as Gillian Bennett's research shows. Especially common is belief in continuing contact with, or the continuing presence of, dead family members. Bennett interviewed women in Manchester, England, asking them questions about ghosts and other aspects of the supernatural. (Her discussion of how her research methods and interview techniques evolved is in itself valuable.) She first published the results of the study in the well-received Traditions of Belief: Women and the Supernatural, which has been widely used in folklore and women's studies courses. "e;Alas, Poor Ghost!"e; extensively revises and expands that work. In addition to a fuller presentation and analysis of the original field research and other added material, the author, assisted by Kate Bennett, a gerontological psychologist, presents and discusses new research with a group of women in Leicester, England. Bennett is interested in more than measuring the extent of belief in other worldly manifestations. Her work explores the relationship between narrative and belief. She anticipated that her questions would elicit from her interviewees not just yes or no replies but stories about their experiences that confirmed or denied notions of the supernatural. The more controversial the subject matter, the more likely individuals were to tell stories, especially if their answers to questions of belief were positive. These were most commonly individualized narratives of personal experience, but they contained many of the traditional motifs and other content, including belief in the supernatural, of legends. Bennett calls them memorates and discusses the cultural processes, including ideas of what is a "e;proper"e; experience of the supernatural and a "e;proper"e; telling of the story, that make them communal as well as individual. These memorates provide direct and vivid examples of what the storytellers actually believe and disbelieve. In a final section, Bennett places her work in historical context through a discussion of case studies in the history of supernatural belief. 606 $aFolklore$zGreat Britain 606 $aOccultism$zGreat Britain 606 $aGhosts$zGreat Britain 606 $aWomen$zGreat Britain$vFolklore 615 0$aFolklore 615 0$aOccultism 615 0$aGhosts 615 0$aWomen 676 $a398/.0941 676 $a398.0941 700 $aBennett$b Gillian$0801375 801 0$bMiAaPQ 801 1$bMiAaPQ 801 2$bMiAaPQ 906 $aBOOK 912 $a9910134709603321 996 $aAlas, Poor Ghost$91802703 997 $aUNINA